| 000 | 00789caa a22002297a 4500 | ||
|---|---|---|---|
| 999 |
_c407952 _d407952 |
||
| 001 | 121998 | ||
| 003 | UA-OsUOA | ||
| 005 | 20200103233035.0 | ||
| 007 | ta | ||
| 008 | 20170407b un ||||| |||| 00| 0 ukr d | ||
| 040 |
_aUA-OsUOA _bukr _cUA-OsUOA _dUA-OsUOA |
||
| 041 | _aukr | ||
| 080 | _a908 | ||
| 090 |
_a908 _bО-78 |
||
| 245 | _aОстрозька повітова організація КП(б)У | ||
| 300 | _aС. 393 | ||
| 650 | 7 |
_a908 Краєзнавство _2UDC |
|
| 773 | 0 |
_0350380 _9377275 _dК. Головна редакція УРЕ 1987 _o124007 _tВеликий жовтень і громадянська війна на Україні _w(UA-OsUOA) 64266 |
|
| 942 |
_cBKA _2udc |
||
| 955 | _a1 | ||